000
00304nam a2200109Ia 4500
008
171211s9999 xx 000 0 und d
245
_a
TTouch für Hunde: für unterwegs
245
_c
Linda Tellington-Jones
260
_c
2004
650
_x
ANIMALS
856
_u
http://down.ebook777.com/056/B071JWMRQ3.pdf
999
_c
348435
_d
348435